| Tag |
First Indicator |
Second Indicator |
Subfields |
| LEADER |
00000pam a2200000 i 4500 |
| 001 |
in00000055802 |
| 005 |
20151008052317.0 |
| 008 |
790502s1980 ctua b 00100 eng |
| 010 |
|
|
|a 79013864
|
| 020 |
|
|
|a 0870553321
|
| 035 |
|
|
|a (OCoLC)05007469
|
| 035 |
|
|
|9 AAH2748AM
|
| 040 |
|
|
|a DLC
|c DLC
|d TXA
|d UtOrBLW
|
| 049 |
|
|
|a TXAM
|c [1383057]
|
| 050 |
0 |
0 |
|a SB191.R5
|b R497
|
| 082 |
0 |
|
|a 633/.18
|
| 245 |
0 |
0 |
|a Rice--production and utilization /
|c [edited by] Bor S. Luh.
|
| 264 |
|
1 |
|a Westport, Conn. :
|b AVI Pub. co.,
|c [1980]
|
| 264 |
|
4 |
|c ©1980
|
| 300 |
|
|
|a xii, 925 pages :
|b illustrations ;
|c 24 cm.
|
| 336 |
|
|
|a text
|b txt
|2 rdacontent
|
| 337 |
|
|
|a unmediated
|b n
|2 rdamedia
|
| 338 |
|
|
|a volume
|b nc
|2 rdacarrier
|
| 504 |
|
|
|a Includes bibliographies and index.
|
| 650 |
|
0 |
|a Rice.
|
| 650 |
|
0 |
|a Rice
|x Processing.
|
| 700 |
1 |
|
|a Luh, Bor Shiun,
|d 1916-
|
| 999 |
|
|
|a MARS
|
| 999 |
f |
f |
|s 92626127-b76b-3711-985a-107567cdbb38
|i 257a9fdd-885c-3ede-8e2a-44cc7c6fe99d
|t 0
|
| 952 |
f |
f |
|p ric
|a Texas A&M University
|b Rellis Campus
|c Joint Library Facility
|d Remote Storage
|t 0
|e SB191.R5 R497
|h Library of Congress classification
|i unmediated -- volume
|m A14805195425
|
| 998 |
f |
f |
|a SB191.R5 R497
|t 0
|l Remote Storage
|